Uplatňovanie metódy Six Sigma v kontexte neustáleho zlepšovania podnikateľských subjektov
Teoretické východiská metódy Six Sigma. Jej charakteristické znaky. Six Sigma a organizačná štruktúra. DMAIC cyklus.
Salvato in:
| Autore principale: | |
|---|---|
| Altri autori: | |
| Natura: | Capitolo di libro |
| Lingua: | slovacco |
| Soggetti: | |
| Tags: |
Nessun Tag, puoi essere il primo ad aggiungerne!!
|
MARC
| LEADER | 00000naa a2200000 4500 | ||
|---|---|---|---|
| 001 | 0142204 | ||
| 005 | 20240524065343.2 | ||
| 041 | 0 | |a slo | |
| 044 | |a SK | ||
| 245 | 1 | 0 | |a Uplatňovanie metódy Six Sigma v kontexte neustáleho zlepšovania podnikateľských subjektov |c Paulína Krnáčová, Natália Kováčová |
| 520 | |a Teoretické východiská metódy Six Sigma. Jej charakteristické znaky. Six Sigma a organizačná štruktúra. DMAIC cyklus. | ||
| 610 | 2 | 0 | |a konkurencieschopnosť |
| 610 | 2 | 0 | |a podnikatelia |
| 610 | 2 | 0 | |a stratégia podnikateľská |
| 610 | 2 | 0 | |a história |
| 610 | 2 | 0 | |a zákazníci |
| 610 | 2 | 0 | |a riadenie projektové |
| 100 | 1 | |a Krnáčová, Paulína, 1983- | |
| 700 | 1 | |a Kováčová, Natália | |